Jump into jazz : a primer for the beggining jazz dance student
Saved in:
| Main Author: | |
|---|---|
| Other Authors: | |
| Format: | Book |
| Language: | English |
| Published: |
London :
Mayfield Publishing Company,
1990
|
| Edition: | 2nd ed. |
| Subjects: | |
| Tags: |
Add Tag
No Tags, Be the first to tag this record!
|
MARC
| LEADER | 00000nam a2200000 i 4500 | ||
|---|---|---|---|
| 001 | 1/75138 | ||
| 008 | 971027s1990 eng d | ||
| 020 | |a 0-87484-923-3 | ||
| 035 | |a 1994 |b 1 |c Στρατής |l 10032042 | ||
| 040 | |a GR-MY-UA |b gre |e aacr | ||
| 041 | 0 | |a eng | |
| 082 | 0 | |a 793.3 | |
| 100 | 1 | |a Kraines, Minda Goodman. | |
| 245 | 1 | 0 | |a Jump into jazz : |b a primer for the beggining jazz dance student / |c Minda Goodman Kraines, Esther Kan |
| 250 | |a 2nd ed. | ||
| 260 | |a London : |b Mayfield Publishing Company, |c 1990 | ||
| 300 | |a 172 p. | ||
| 650 | 0 | 0 | |a Jazz dance. |
| 700 | 1 | |a Kan, Esther. | |
| 852 | |a INST |b RHODES |e 19971027 |h 793.3 KRA |p 005400010035 |q 005400010035 |t BK |y 0 | ||
| 909 | |a Ρ |b 035190 |c 1994 | ||